|
|
|
|
| LEADER |
01741nam a2200385 i 4500 |
| 001 |
EBC5402553 |
| 003 |
MiAaPQ |
| 005 |
20200520144314.0 |
| 006 |
m o d | |
| 007 |
cr cnu|||||||| |
| 008 |
180818s2018 gw o 000 0 ger d |
| 020 |
|
|
|z 9783110578195
|
| 020 |
|
|
|a 9783110581003 (e-book)
|
| 035 |
|
|
|a (MiAaPQ)EBC5402553
|
| 035 |
|
|
|a (Au-PeEL)EBL5402553
|
| 035 |
|
|
|a (CaPaEBR)ebr11566254
|
| 035 |
|
|
|a (OCoLC)1038488265
|
| 040 |
|
|
|a MiAaPQ
|b eng
|e rda
|e pn
|c MiAaPQ
|d MiAaPQ
|
| 050 |
|
4 |
|a PT2252
|b .J643 2018
|
| 082 |
0 |
|
|a 831.5
|2 23
|
| 245 |
0 |
0 |
|a Johann Christoph Gottscheds.
|n Band 12,
|p Oktober 1746-Dezember 1747 :
|b Briefwechsel /
|c unter Einschluss des Briefwechsels von Luise Adelgunde Victorie Gottsched ; Herausgegeben und bearbeitet von Caroline Kohler [and three others].
|
| 264 |
|
1 |
|a Berlin ;
|a Boston :
|b De Gruyter,
|c 2018.
|
| 300 |
|
|
|a 1 online resource (738 pages)
|
| 336 |
|
|
|a text
|b txt
|2 rdacontent
|
| 337 |
|
|
|a computer
|b c
|2 rdamedia
|
| 338 |
|
|
|a online resource
|b cr
|2 rdacarrier
|
| 588 |
|
|
|a Description based on print version record.
|
| 590 |
|
|
|a Electronic reproduction. Ann Arbor, MI : ProQuest, 2018. Available via World Wide Web. Access may be limited to ProQuest affiliated libraries.
|
| 600 |
1 |
0 |
|a Gottsched, Johann Christoph,
|d 1700-1766
|v Correspondence.
|
| 655 |
|
4 |
|a Electronic books.
|
| 700 |
1 |
|
|a Gottsched, Luise Adelgunde Victorie,
|e contributor.
|
| 700 |
1 |
|
|a Kohler, Caroline,
|e editor.
|
| 776 |
0 |
8 |
|i Print version:
|t Johann Christoph Gottscheds. Band 12, Oktober 1746-Dezember 1747.
|d Berlin ; Boston : De Gruyter, 2018
|h 738 pages
|z 9783110578195
|
| 797 |
2 |
|
|a ProQuest (Firm)
|
| 856 |
4 |
0 |
|u https://ebookcentral.proquest.com/lib/matrademy/detail.action?docID=5402553
|z Click to View
|